000 00426nam a2200145Ia 4500
008 100204s9999 xx 000 0 und d
082 _b6737
100 _aशिरवळकर सुहास
245 _aबंदिस्त
260 _b"दिलिप प्रकाशन , मुंबई"
_c1983
300 _a200
630 _aबंदिस्त
730 _aबंदिस्त
942 _cBOOK
999 _c451175
_d451172